00815nam a2200205ua 450000100100000000500170001000800410002704000300006808200190009810000440011724500300016126000540019130000200024565000290026565000310029491000280032595201170035395201220047099900170059200001811420200929165348.0830721s1973 ag 000 p spa  aDO-SdBNPbspacDLCdBNPHU aA861.42bB977h1 aBusciolano Lazo, Geraldo,d1904-93925710aHoras grises :bpoemas /. aCordoba, (Argentina) :bEditorial TA.P.AS,c1973. a55 p. ;c22 cm. 4aPoesía argentina93859 4aLiteratura argentina93860 aCatalogación derivada 001050718MOaGRbGRcCTd2010-04-15iLF1l0oA861.42 B977hp18114-10r2020-06-25w2020-06-25y1ZNo se presta 001050718MOaGRbGRcCTd2010-04-16iLF1l0oA861.42 B977hp18114-20r2020-06-25te.2w2020-06-25y1ZNo se presta c17635d17635